UNIX Tips y Trucos de Administración / Kirk Waingrow (Registro nro. 12758)
[ vista simple ]
| 000 -LÍDER | |
|---|---|
| fixed length control field | 00539nam a2200157 4500 |
| 008 - ELEMENTOS DE LONGITUD FIJA -- INFORMACIÓN GENERAL | |
| fixed length control field | 0 2000 0x 000 0MEX |
| 020 ## - NÚMERO INTERNACIONAL NORMALIZADO PARA LIBROS | |
| ISBN | 970-17-0366-9 |
| 050 ## - SIGNATURA TOPOGRAFICA DE LA BIBLIOTECA DEL CONGRESO (LC) | |
| Número de Clasificación | QA76.76 O63 W33718 2000 |
| 082 ## - NUMERO DE CLASIFICACION DECIMAL DEWEY | |
| Número de Clasificación | 001.642.502.02 W141u |
| 100 ## - ASIENTO PRINCIPAL--NOMBRE PERSONAL | |
| Nombre personal | Waingrow, Kirk |
| 245 ## - TÍTULO | |
| Título | UNIX Tips y Trucos de Administración / Kirk Waingrow |
| 260 ## - PUBLICACIÓN, DISTRIBUCIÓN, ETC. (PIE DE IMPRENTA) | |
| Lugar de publicación, distribución, etc. | México : Prentice-Hall |
| 300 ## - DESCRIPCIÓN FÍSICA | |
| Extensión | xi, 479 p. / 24 cm. |
| 500 ## - NOTA GENERAL | |
| Nota general | Contiene Ap‚ndice, Glosario e Indice |
| 650 ## - ASIENTO SECUNDARIO DE MATERIA - TERMINO TEMÁTICO | |
| Término temático o nombre geográfico como elemento de entrada | 1.UNIX (ARCHIVO DE COMPUTADORA) \ 2.SISTEMAS OPERATIVOS (COMPUTADORA) |
| No. biblioteca | No. biblioteca | Número de clasificación | Código de barras/Número de adquisición | Número de copia | Tipo de material |
|---|---|---|---|---|---|
| LUIS G. INCLAN | LUIS G. INCLAN | 001.642.502.02 W141u | 36586 | 1 | Libros |
| LUIS G. INCLAN | LUIS G. INCLAN | 001.642.502.02 W141u | 36587 | 2 | Libros |
| LUIS G. INCLAN | LUIS G. INCLAN | 001.642.502.02 W141u | 12482 | 3 | Libros |
